Pluralita kultur jako princip multikultúrni výchovy
Kultúrna diverzita a kultúrne rozdiely nie sú sami o sebe zdrojom konfliktov. Tieto konflikty sú zapríčinené nedorozumeniami a netoleranciou ich nositeľov. Príspevok charakterizuje stratégie, základné postoje a prístupy k iným kultúram. Popisuje etnocentrizmus a kultúrny relativizmus. Pozornosť je...
Saved in:
| Main Author: | |
|---|---|
| Format: | Book Chapter |
| Language: | Czech |
| Subjects: | |
| Tags: |
No Tags, Be the first to tag this record!
|
MARC
| LEADER | 00000nla a2200000 4500 | ||
|---|---|---|---|
| 001 | 0159633 | ||
| 005 | 20221103134424.3 | ||
| 041 | 0 | |a cze | |
| 044 | |a SK | ||
| 245 | 1 | 0 | |a Pluralita kultur jako princip multikultúrni výchovy |c Jaroslav Drábek |
| 520 | |a Kultúrna diverzita a kultúrne rozdiely nie sú sami o sebe zdrojom konfliktov. Tieto konflikty sú zapríčinené nedorozumeniami a netoleranciou ich nositeľov. Príspevok charakterizuje stratégie, základné postoje a prístupy k iným kultúram. Popisuje etnocentrizmus a kultúrny relativizmus. Pozornosť je tiež venovaná eurocentrizmu, ako špecifickej ukážke etnocentrizmu. Záver zdôrazňuje dôležitosť kultúrneho relativizmu a pluralizmu ako kľúčového princípu v multikultúrnom vzdelávaní. | ||
| 610 | 2 | 0 | |a multikulturalizmus |
| 610 | 2 | 0 | |a pluralizmus |
| 610 | 2 | 0 | |a kultúra |
| 610 | 2 | 0 | |a výchova |
| 100 | 1 | |a Drábek, Jaroslav | |